| 000 | 00989nam a2200301Ia 4500 | ||
|---|---|---|---|
| 003 | OSt | ||
| 005 | 20221007122222.0 | ||
| 006 | a|||||r|||| 00| 0 | ||
| 007 | ta | ||
| 008 | 221006b |||||||| |||| 00| 0 eng d | ||
| 020 |
_a0471614270 (hbd) _c9420.25 |
||
| 024 | _a79703 | ||
| 037 |
_b0085, 26/11/2007, Dhanraj Book House _cTextbook |
||
| 040 |
_aPAPL _cPAPL _beng |
||
| 041 |
_2eng _aeng |
||
| 082 | _aC4:7, N1;7-;8 Carpa | ||
| 100 |
_aSonntag Richard E _9713721 |
||
| 245 | 0 | _aIntroduction to thermodynamics: classical and statistical | |
| 250 | _a3 | ||
| 260 |
_aNew _bYork John Wiley & Sons _c1991 |
||
| 300 |
_axviii,771+v.p. Included with Floppy _ccm. |
||
| 500 | _aAppendix A-B 625-765p; Index I-1-I-5p | ||
| 650 |
_a Statistical thermodynamcis _9713722 |
||
| 650 | _a Thermodynamics | ||
| 650 | _aPhysics | ||
| 942 |
_hC4:7, N1;7-;8 Carpa _cTB _2CC |
||
| 999 |
_c1209958 _d1209958 |
||